Statistiche per Stati con più Ebrei al mondo

Clicka qui per fare il quiz!

Statistiche generali

  • Questo quiz è stato fatto 15 volte
  • Il punteggio medio è 17 su 20

Statistiche sulle risposte

ContinenteEbrei (in numeri assoluti)Stato% Corretto
America del Nord393 000Canada
100%
Europa448 000Francia
100%
Europa118 000Germania
100%
Asia6 340 600Israele
100%
America del Nord5 700 000Stati Uniti
100%
America del Sud175 000Argentina
93%
Europa27 000Italia
93%
Oceania118 000Australia
87%
America del Sud92 000Brasile
87%
America del Sud16 000Cile
87%
America del Nord40 000Messico
87%
Asia / Europa155 000Russia
87%
Europa29 000Belgio
80%
Europa29 800Paesi Bassi
80%
Europa292 000Regno Unito
80%
America del Sud16 000Uruguay
73%
Europa45 000Ucraina
67%
Europa47 200Ungheria
67%
Africa52 3000Sudafrica
60%
Europa18 500Svizzera
60%

Distribuzione punteggi

Percentile per numero di risposta

Percentuale di utenti per punteggio

I tuoi punteggi nel tempo

Non hai fatto questo quiz